| 000 | 01880nam a2200253 a 4500 | ||
|---|---|---|---|
| 001 | BRCA_8736 | ||
| 005 | 20190320210402.0 | ||
| 008 | 220217s1769----sp-#######---#000-0#spa-# | ||
| 041 | _aspa | ||
| 044 | _asp | ||
| 084 |
_aBE93 _b.P37 1769 |
||
| 245 | 1 | 0 |
_aPastoral de N. SSmo. Padre Benedicto XIV _bde gloriosa memoria, siendo cardenal arzobispo de la Santa Iglesia de Bolonia; e instrucciones eclesiásticas para su diocesi _ctraducidas del toScano por el Rmo. P.M Fr. Juan Facundo Raulin... |
| 260 |
_aMadrid _bEn la Oficina de Miguel Escribano _c1769 |
||
| 300 |
_a[14], 4636 p. (t.2), 4a imp. _c21 x 15 cm. |
||
| 500 | _aCon las licencias necesarias. | ||
| 500 | _aCon marca de fuego: “Procedencia de la marca: Convento de San Francisco Santa María del Pueblito de Querétaro (1). Institución: Orden de Frailes Menores. Provincia de San Pedro y San Pablo de Michoacán. Descripción: Monograma conformado por las iniciales “P”, “u”, “E” seguidas de “b”, “I”, “T” y “o” que se desata como Pueblito (2) dentro de un filete en forma de rombo. Observaciones: Krausse la incluye entre las marcas no identificadas. David Saavedra la identifica como del Convento Franciscano de Santa María del Pueblito, Villa Corregidora de Querétaro. Ubicación de la marca en el libro: Canto superior, canto inferior y canto lateral” | ||
| 500 | _aEstado físico: presenta encuadernación en pergamino con cintas rotas y presencia del pez de plata en su interior | ||
| 650 | 1 | 4 |
_aTeología pastoral _yObras anteriores a 1800 _zItalia _921747 |
| 700 | 1 |
_aRaulín, Juan Facundo _etr. _921748 |
|
| 700 | 1 |
_aEscribano, Miguel _eImpresor _921749 |
|
| 856 | _ahttp://www.marcasdefuego.buap.mx:8180/xmLibris/projects/firebrand/item.jsp?repository=marcas_de_fuego&key=marcas_de_fuego_franciscanas_20150525130455_95ba.xml&num=122 | ||
| 902 | _aCFM | ||
| 942 |
_2lcc _cB |
||
| 999 |
_c8388 _d8388 |
||